| 000 | 00000nas 2200000za 4500 |
| 001 | 9.832508 |
| 003 | CaOODSP |
| 005 | 20221107150011 |
| 007 | cr ||||||||||| |
| 008 | 170216d19491959oncar p oss f0###a0eng|d |
| 022 | |y0700-074X |
| 040 | |aCaOODSP|beng |
| 043 | |an-cn--- |
| 086 | 1 |aCS43-201E-PDF |
| 245 | 04|aThe electrical apparatus and supplies industry |h[electronic resource]. |
| 260 | |a[Ottawa] : |bDominion Bureau of Statistics, Industry and Merchandising Division, Mining, Metallurgical and Chemical Section, |c[1950]-1961. |
| 310 | |aAnnual |
| 362 | 0 |a1949-1959. |
| 500 | |aDigitized edition from print [produced by Statistics Canada]. |
| 515 | |aIssues for 1949-1950, 1954-1957 called v. 2, pt. 15-A-1; 1951-1953 called v. 2, pt. 13-A-1. |
| 520 | |aPrimary statistics of the electrical apparatus industry, including number of establishments, capital investment, fuel consumption, material costs, and employees, salaries and wages. |
| 550 | |aIssued 1953-1956 by Metal and Chemical Products Section; 1957-1959 by Industry and Merchandising Division. |
| 580 | |aAbsorbed: Electric batteries in Canada; Domestic washing machines; Domestic water heaters; Electric motors and generators; Electric transformers; Electric vacuum cleaners; Incandescent electric lamps; and, Production and factory sales of electric ironers. |
| 580 | |aSplit into: Electrical products industries, general review; Manufacturers of household radio and television receivers (Final); Communications equipment manufacturers; Manufacturers of electrical industrial equipment (Final); Manufacturers of electric wire and cable; Battery manufacturers (Final); and, Manufacturers of miscellaneous electrical products (Final). |
| 580 | |aA part of Electrical apparatus and supplies industry merged with a part of The heating and cooking apparatus industry, to become: Manufacturers of major appliances, electric and non-electric (Final). |
| 580 | |aA part of Electrical apparatus and supplies industry merged with a part of The heating and cooking apparatus industry, to become: Manufacturers of small electrical appliances |
| 692 | 07|2gccst|aElectrical equipment |
| 692 | 07|2gccst|aStatistics |
| 710 | 1 |aCanada. |bDominion Bureau of Statistics. |bMining, Metallurgical and Chemical Section. |
| 710 | 1 |aCanada. |bDominion Bureau of Statistics. |bMetal and Chemical Products Section. |
| 710 | 1 |aCanada. |bDominion Bureau of Statistics. |bIndustry and Merchandising Division. |
| 780 | 00|tThe electrical apparatus and supplies industry in Canada |w(CaOODSP)9.832506 |
| 780 | 00|tProduction and factory sales of electric ironers |w(CaOODSP)9.832542 |
| 785 | 00|tManufacturers of small electrical appliances |w(CaOODSP)9.832528 |
| 785 | 00|tManufacturers of major appliances, electric and non-electric |w(CaOODSP)9.832925 |
| 785 | 00|tManufacturers of household radio and television receivers |w(CaOODSP)9.832938 |
| 785 | 00|tManufacturers of electrical industrial equipment |w(CaOODSP)9.832958 |
| 785 | 00|tBattery manufacturers |w(CaOODSP)9.832981 |
| 785 | 00|tManufacturers of electric wire and cable |w(CaOODSP)9.832986 |
| 785 | 00|tManufacturers of miscellaneous electrical products |w(CaOODSP)9.832994 |